ARC Raiders: All Enemies - Statistics

General Stats
  • This quiz has been taken 101 times
  • The average score is 14 of 17
Answer Stats
Size Type ARC Enemy % Correct
Small Air Wasp
100%
Medium Air Hornet
99%
Massive (Event Boss) Ground The Queen
96%
Large Ground Bastion
91%
Massive (Event Boss) Ground Matriarch
91%
Large Air Rocketeer
91%
Small Ground Tick
91%
Small Ground Fireball
89%
Small Air Snitch
89%
Small Stationary Turret
89%
Small Ground Pop
86%
Large Ground Leaper
84%
Medium Stationary Sentinel
80%
Large Ground Bombardier
76%
Medium Ground Shredder
71%
Medium Air Spotter
69%
Medium Ground Surveyor
55%
No matching quizzes found
Score Distribution
Percent of People with Each Score
Percentile by Number Answered
Your Score History
You have not taken this quiz